00661pab a2200193 454500008004000000100002700040245008500067260000900152300001300161362000800174650002300182650002600205650003100231650003600262773003800298909001000336999001700346952010400363180718b1995 xxu||||| |||| 00| 0 eng d aShugart, Mathew Soberg aThe electoral cycle and institutional sources of divided presidential government c1995 ap.327-43 aJun aElections - U.S.A. aElection law - U.S.A. aPolitical parties - U.S.A. aPresidents - U.S.A. - Elections aAmerican Political Science Review a29159 c29159d29159 00104070aIIPAbIIPAd2018-07-19hVolume no: 89, Issue no: 2pAR29285r2018-07-19w2018-07-19yAR